[Event "46th Sparkassen Open"]
[Site "Dortmund GER"]
[Date "2018.07.14"]
[Round "1.1"]
[White "Conrad, Joachim"]
[Black "Hausrath, Daniel"]
[Result "0-1"]
[BlackTitle "GM"]
[WhiteElo "2078"]
[BlackElo "2495"]
[WhiteFideId "24623083"]
[BlackFideId "4617495"]
[EventDate "2018.07.14"]

1. d4 g6 2. Nf3 Bg7 3. Bg5 d6 4. e3 Nf6 5. Be2 O-O 6. O-O h6 7. Bh4 Nc6 8. c4 e6
9. Nc3 Ne7 10. Bd3 b6 11. Qe2 Bb7 12. Rfd1 Qd7 13. Rac1 Nf5 14. Bxf6 Bxf6 15.
Ne4 Bg7 16. c5 Rab8 17. Rc2 Ne7 18. Bb5 c6 19. Bd3 bxc5 20. dxc5 d5 21. Nd6 f5
22. Qd2 Ba8 23. Bf1 e5 24. Nc4 e4 25. Ne1 Qc7 26. Na5 f4 27. Nb3 fxe3 28. Qxe3
Nf5 29. Qe2 a5 30. g4 a4 31. gxf5 axb3 32. axb3 Rxf5 33. f3 Rbf8 34. Bg2 Rh5 35.
h3 Qg3 36. Qf2 Qg5 37. Kf1 Bb7 38. Ra1 d4 39. Ra7 d3 40. Rxb7 e3 0-1

[Event "46th Sparkassen Open"]
[Site "Dortmund GER"]
[Date "2018.07.14"]
[Round "1.2"]
[White "Nalbandian, Tigran"]
[Black "Schulz, Daniel"]
[Result "1-0"]
[WhiteTitle "GM"]
[WhiteElo "2452"]
[BlackElo "2078"]
[WhiteFideId "13300245"]
[BlackFideId "12960349"]
[EventDate "2018.07.14"]

1. Nf3 Nf6 2. g3 b6 3. Bg2 Bb7 4. d3 e6 5. e4 d5 6. e5 Nfd7 7. Bg5 Qc8 8. h4 c5
9. O-O Nc6 10. Re1 Qc7 11. Nc3 a6 12. Nxd5 exd5 13. e6 Nf6 14. Bxf6 gxf6 15.
exf7+ Kxf7 16. Ng5+ Kg6 17. Ne6 Qd6 18. Nf4+ Qxf4 19. gxf4 Ne7 20. Qg4+ Kf7 21.
Qe6+ Kg7 22. Qxe7+ 1-0

[Event "46th Sparkassen Open"]
[Site "Dortmund GER"]
[Date "2018.07.14"]
[Round "1.3"]
[White "Oparaugo, Thomas"]
[Black "Kashlinskaya, Alina"]
[Result "0-1"]
[WhiteTitle "IM"]
[BlackTitle "IM"]
[WhiteElo "2064"]
[BlackElo "2435"]
[WhiteFideId "8500207"]
[BlackFideId "4198026"]
[EventDate "2018.07.14"]

1. e4 e6 2. d4 d5 3. Nc3 Nf6 4. Bg5 dxe4 5. Nxe4 Be7 6. Nxf6+ Bxf6 7. Bxf6 Qxf6
8. Nf3 O-O 9. Bd3 c5 10. c3 cxd4 11. Nxd4 e5 12. Ne2 Nd7 13. Ng3 Nc5 14. Bc2 Rd8
15. Qe2 b6 16. Ne4 Nxe4 17. Bxe4 Rb8 18. O-O Be6 19. Rfd1 Qg5 20. Qa6 f5 21. Bc2
Qe7 22. Bb3 Bxb3 23. axb3 e4 24. Qc4+ Kh8 25. Rd5 f4 26. Rad1 Rxd5 27. Rxd5 Re8
28. Qe2 h6 29. Rd4 Qe5 30. Qd1 e3 31. fxe3 fxe3 32. Qe2 Qf5 33. Rd3 Qxd3 0-1

[Event "46th Sparkassen Open"]
[Site "Dortmund GER"]
[Date "2018.07.14"]
[Round "1.4"]
[White "Jugelt, Tobias"]
[Black "Mueller, Frank3"]
[Result "1-0"]
[WhiteTitle "IM"]
[WhiteElo "2417"]
[BlackElo "2067"]
[WhiteFideId "4626150"]
[BlackFideId "24681318"]
[EventDate "2018.07.14"]

1. d4 Nf6 2. g3 g6 3. Bg2 d5 4. c4 dxc4 5. Qa4+ Bd7 6. Qxc4 Bc6 7. Nf3 Bg7 8.
O-O O-O 9. Nc3 a6 10. Rd1 b5 11. Qb3 Nbd7 12. d5 Bb7 13. Nd4 Nb6 14. Nc6 Qd7 15.
Na5 Rab8 16. Bf4 Ba8 17. Rac1 b4 18. Qxb4 Nfxd5 19. Qb3 Qe8 20. Qa3 Nxf4 21.
gxf4 Bxg2 22. Kxg2 e5 23. Ne4 exf4 24. Qf3 Qe5 25. Nc6 Qxb2 26. Nxb8 Rxb8 27.
Rxc7 Qxa2 28. Qxf4 Rf8 29. Qf3 Nc4 30. Nc5 Ne5 31. Qe4 Qa5 32. Qb7 Qa2 33. Qxa6
Qc2 34. Rd5 Qf5 35. Qa3 Qg4+ 36. Kf1 Rb8 37. Rd1 h5 38. Nd7 Re8 39. Qg3 Qa4 40.
Rd5 Qe4 41. Rd1 Qh1+ 42. Qg1 Qe4 43. Nxe5 Bxe5 44. Rcd7 Bc7 45. R7d2 Ba5 46. f3
Qe6 47. Rc2 Bb6 48. Qg3 Qb3 49. Rcd2 Ba5 50. Rd3 Qb2 51. e4 Rc8 52. Rd5 Rc2 53.
Rxa5 h4 54. Rd8+ Kg7 55. Qe5+ 1-0

[Event "46th Sparkassen Open"]
[Site "Dortmund GER"]
[Date "2018.07.14"]
[Round "1.5"]
[White "Buechle, Manfred"]
[Black "Luft, Dennis"]
[Result "0-1"]
[WhiteElo "2037"]
[BlackElo "2322"]
[WhiteFideId "4659368"]
[BlackFideId "24623717"]
[EventDate "2018.07.14"]

1. e4 e5 2. Nf3 Nc6 3. Bb5 f5 4. d3 fxe4 5. dxe4 Nf6 6. O-O d6 7. Bxc6+ bxc6 8.
Nc3 Be7 9. h3 O-O 10. Qe2 Qe8 11. Bg5 Qh5 12. Bxf6 Rxf6 13. Nd4 Qe8 14. Qc4+ d5
15. Qxc6 Rxc6 0-1

[Event "46th Sparkassen Open"]
[Site "Dortmund GER"]
[Date "2018.07.14"]
[Round "1.6"]
[White "Zatonskih, V."]
[Black "Groneberg, Joerg"]
[Result "1-0"]
[WhiteTitle "FM"]
[WhiteElo "2323"]
[BlackElo "2034"]
[WhiteFideId "14102161"]
[BlackFideId "12941638"]
[EventDate "2018.07.14"]

1. e4 c5 2. Nf3 g6 3. d4 cxd4 4. Nxd4 Nc6 5. c4 Bg7 6. Be3 Nf6 7. Nc3 O-O 8. Be2
d6 9. O-O Nxd4 10. Bxd4 Be6 11. f3 Rc8 12. Nd5 Nxd5 13. cxd5 Bxd4+ 14. Qxd4 Bd7
15. Qxa7 Rc2 16. Bd3 Rxb2 17. Rab1 Rxb1 18. Rxb1 Bc8 19. Rc1 f6 20. a4 Kf7 21.
Bb5 Kg8 22. Kf1 Kf7 23. Qb8 g5 24. Qc7 h5 25. Qxd8 Rxd8 26. Rc7 Rg8 27. Kf2 Rd8
28. Ke3 g4 29. f4 h4 30. g3 hxg3 31. hxg3 f5 32. e5 dxe5 33. fxe5 Rxd5 34. Rxc8
Rxe5+ 35. Kf2 Ke6 36. Rc7 b6 37. Rc6+ Kd5 38. Rxb6 Kc5 39. Rc6+ Kb4 40. Rc4+ Ka5
41. Bd7 Rd5 42. Be6 Re5 43. Bc8 Rd5 44. Rf4 1-0

[Event "46th Sparkassen Open"]
[Site "Dortmund GER"]
[Date "2018.07.14"]
[Round "1.7"]
[White "Wolff, Christoph"]
[Black "Webb, Laurence E"]
[Result "0-1"]
[BlackTitle "FM"]
[WhiteElo "2026"]
[BlackElo "2306"]
[WhiteFideId "4648706"]
[BlackFideId "402389"]
[EventDate "2018.07.14"]

1. e4 e6 2. d4 d5 3. exd5 exd5 4. Nf3 Nf6 5. Bd3 Bg4 6. Qe2+ Be7 7. h3 Bxf3 8.
Qxf3 O-O 9. O-O Nbd7 10. Bf4 c5 11. Nc3 c4 12. Be2 Nb6 13. a4 Bb4 14. Nb5 a6 15.
Na3 Qd7 16. a5 Bxa5 17. Nxc4 Nxc4 18. Bxc4 dxc4 19. Rxa5 Qxd4 20. Rg5 Ne4 21.
Re5 Nd2 22. Qh5 Qxf4 0-1

[Event "46th Sparkassen Open"]
[Site "Dortmund GER"]
[Date "2018.07.14"]
[Round "1.8"]
[White "Wagner, Alexej"]
[Black "Biermann, Lenhard"]
[Result "1/2-1/2"]
[WhiteElo "2313"]
[BlackElo "2051"]
[WhiteFideId "4129555"]
[BlackFideId "12970077"]
[EventDate "2018.07.14"]

1. d4 e6 2. c4 Nf6 3. Nc3 Bb4 4. Qc2 d5 5. cxd5 exd5 6. Bg5 O-O 7. e3 Nbd7 8.
Bd3 h6 9. Bh4 c5 10. Nf3 c4 11. Bf5 Nb6 12. Bxc8 Rxc8 13. O-O Be7 14. Nd2 Re8
15. a4 Nbd7 16. Rfe1 g5 17. Bg3 Nb8 18. Bxb8 Rxb8 19. Rad1 Bb4 20. e4 Bxc3 21.
bxc3 dxe4 22. Nxe4 Nd5 23. Ng3 Nf4 24. Qf5 Qd5 25. f3 Re2 26. Qxd5 Rxe1+ 27.
Rxe1 Nxd5 28. Ne4 Rd8 29. g4 b6 30. Kf2 Kf8 31. Ke2 Ke7 32. Kd2 Kd7 33. Ng3 f6
34. Nf5 a6 35. h4 Ra8 36. h5 Rh8 37. a5 b5 38. Ng3 Rf8 39. Ne4 Nc7 40. Ng3 Nd5
41. Re2 Rf7 42. Ne4 Nc7 43. Kc2 Rf8 44. Nc5+ Kd6 45. Ne4+ Kd7 46. Kd2 Rf7 47.
Ng3 Nd5 48. Re4 Rf8 49. Nf5 Rh8 50. Ne3 Nxe3 51. Kxe3 Re8 1/2-1/2

[Event "46th Sparkassen Open"]
[Site "Dortmund GER"]
[Date "2018.07.14"]
[Round "1.9"]
[White "Spickermann, Sven"]
[Black "Quast, Marcel"]
[Result "1/2-1/2"]
[WhiteElo "2007"]
[BlackElo "2247"]
[WhiteFideId "16248767"]
[BlackFideId "24663476"]
[EventDate "2018.07.14"]

1. e4 e5 2. Nf3 d6 3. d4 exd4 4. Nxd4 Nf6 5. Nc3 Be7 6. Bc4 O-O 7. O-O Nxe4 8.
Nxe4 d5 9. Bd3 dxe4 10. Bxe4 Re8 11. Bf3 Bf6 12. Be3 Nd7 13. Re1 Ne5 14. Be2 Bd7
15. c3 Nc6 16. Qd2 Nxd4 17. Bxd4 Be6 18. Be3 Bd5 19. c4 Be4 20. Rad1 Qe7 21. Bd4
Bxd4 22. Qxd4 Qg5 23. Bf1 c5 24. Qe3 Qxe3 25. Rxe3 Kf8 26. f3 Bg6 27. Rxe8+ Kxe8
28. Rd5 b6 29. Bd3 Bxd3 1/2-1/2

[Event "46th Sparkassen Open"]
[Site "Dortmund GER"]
[Date "2018.07.14"]
[Round "1.10"]
[White "Boehm, Juergen2"]
[Black "Puetter, Pascal"]
[Result "1/2-1/2"]
[WhiteElo "2233"]
[BlackElo "2002"]
[WhiteFideId "4606434"]
[BlackFideId "1271567"]
[EventDate "2018.07.14"]

1. d4 d5 2. c4 e6 3. Nc3 Nf6 4. Bg5 c6 5. e3 Nbd7 6. Nf3 Bd6 7. Bd3 h6 8. Bh4 b6
9. O-O O-O 10. e4 dxe4 11. Nxe4 Be7 12. Qe2 Bb7 13. Ne5 c5 14. Nxf6+ Nxf6 15.
dxc5 bxc5 16. Rad1 Qc7 17. Bxf6 Bxf6 18. Nd7 Rfd8 19. Nxf6+ gxf6 20. Qg4+ Kf8
21. Qh4 Ke7 22. f3 Qe5 23. Rfe1 Qg5 24. Qg3 Rd7 25. Qxg5 fxg5 26. Be2 Rad8 27.
Rxd7+ Rxd7 28. Kf2 1/2-1/2

[Event "46th Sparkassen Open"]
[Site "Dortmund GER"]
[Date "2018.07.14"]
[Round "1.11"]
[White "Boesel, Alexander"]
[Black "Windfuhr, Thomas"]
[Result "1/2-1/2"]
[WhiteElo "1994"]
[BlackElo "2231"]
[WhiteFideId "4623185"]
[BlackFideId "4658477"]
[EventDate "2018.07.14"]

1. e4 e6 2. d4 d5 3. Nd2 c5 4. exd5 Qxd5 5. Ngf3 cxd4 6. Bc4 Qd6 7. O-O Nf6 8.
Re1 Nc6 9. Nb3 Be7 10. Nbxd4 Nxd4 11. Qxd4 Qxd4 12. Nxd4 a6 13. Bf4 O-O 14. a4
Bd7 15. Be2 Nd5 16. Bg3 Bf6 17. Red1 Bxd4 18. Rxd4 b5 19. axb5 axb5 20. Rdd1 f6
21. c3 Bc6 22. Bf3 Kf7 23. Bd6 Rfc8 24. h4 Ke8 25. Ba3 Ra4 26. g3 Rca8 27. Re1
Kf7 28. Rad1 Rd8 29. Rd2 g6 30. Bd1 Raa8 31. Bb3 Re8 32. c4 bxc4 33. Bxc4 Rab8
34. Rc2 Rbc8 35. Rec1 Bb7 36. Bb5 Red8 37. Bc5 e5 38. b4 Ke6 39. Bc4 f5 40. f3
Ra8 41. b5 Rdc8 42. Be2 h6 43. Kf2 Ra4 44. Be3 Rxc2 45. Rxc2 Nxe3 46. Kxe3 f4+
47. Kf2 Kd6 48. Bd3 Ra3 49. Rd2 fxg3+ 50. Kxg3 Kc5 51. Kf2 Rb3 52. Be2 Bd5 53.
Rc2+ Kd6 54. Rc8 h5 55. Rd8+ Kc5 56. Rc8+ Kd4 57. Rc2 e4 58. fxe4 Bxe4 59. Rc4+
Ke5 60. Rc5+ Kf4 61. Rc4 Ke5 62. Rc8 Bf5 63. Re8+ Kd6 64. Rd8+ Kc7 65. Rf8 Bd7
66. Rf6 Be8 67. Bf1 Rb4 68. Bd3 Rxh4 69. b6+ Kb7 70. Bxg6 Bxg6 1/2-1/2

[Event "46th Sparkassen Open"]
[Site "Dortmund GER"]
[Date "2018.07.14"]
[Round "1.12"]
[White "Heck, Norbert"]
[Black "Ball, Joerg"]
[Result "1-0"]
[WhiteTitle "FM"]
[WhiteElo "2227"]
[BlackElo "1973"]
[WhiteFideId "4622928"]
[BlackFideId "4685172"]
[EventDate "2018.07.14"]

1. Nf3 f5 2. g3 Nf6 3. Bg2 g6 4. d3 Bg7 5. c3 O-O 6. O-O c6 7. Nbd2 h6 8. e4 d6
9. Nh4 Kh7 10. exf5 gxf5 11. d4 Na6 12. Qc2 e6 13. Nc4 Nd5 14. a4 Nac7 15. Re1
Bf6 16. Nf3 Be7 17. b3 b5 18. Na5 Bd7 19. c4 bxc4 20. bxc4 Nf6 21. Qd2 Ng8 22.
Ba3 Ne8 23. d5 cxd5 24. cxd5 e5 25. Nc6 Bxc6 26. dxc6 Nc7 27. Rab1 Nf6 28. Nxe5
dxe5 29. Qxd8 1-0

[Event "46th Sparkassen Open"]
[Site "Dortmund GER"]
[Date "2018.07.14"]
[Round "1.13"]
[White "Pahl, Theis"]
[Black "Kartsev, Soel"]
[Result "0-1"]
[WhiteElo "1959"]
[BlackElo "2222"]
[WhiteFideId "16201264"]
[BlackFideId "4130561"]
[EventDate "2018.07.14"]

1. e4 c5 2. Nf3 d6 3. d4 cxd4 4. Nxd4 Nf6 5. Nc3 Nc6 6. Bg5 e6 7. Qd2 a6 8.
O-O-O h6 9. Bxf6 Qxf6 10. Nb3 Be7 11. Kb1 O-O 12. f4 b5 13. Be2 Bb7 14. g4 Qh4
15. Rhg1 b4 16. Na4 e5 17. g5 Qxf4 18. Qxf4 exf4 19. gxh6 g5 20. Nb6 Ne5 21.
Nxa8 Rxa8 22. h4 f3 23. Bd3 g4 24. Nd4 Kh7 25. Nf5 Bf8 26. Ne3 Bc8 27. Nc4 Kxh6
28. Nxe5 dxe5 29. Bf1 Be6 30. Bd3 Kh5 31. Rgf1 Bc5 32. b3 Kxh4 33. Bc4 Bxc4 34.
bxc4 Bd4 35. c5 Rc8 36. Rh1+ Kg5 37. Rd3 Rxc5 38. Rf1 Kf4 39. Kc1 Kxe4 40. Kd1
f5 41. Kc1 Rc3 42. Rxc3 bxc3 0-1

[Event "46th Sparkassen Open"]
[Site "Dortmund GER"]
[Date "2018.07.14"]
[Round "1.14"]
[White "Borchert, Rene"]
[Black "Schroeder, Joerg"]
[Result "1-0"]
[WhiteElo "2216"]
[BlackElo "1970"]
[WhiteFideId "12990671"]
[BlackFideId "24635677"]
[EventDate "2018.07.14"]

1. e4 c5 2. c3 Nf6 3. e5 Nd5 4. d4 cxd4 5. Nf3 e6 6. cxd4 d6 7. Bc4 Be7 8. O-O
O-O 9. a3 a6 10. Qc2 h6 11. Qe4 b5 12. Bd3 f5 13. exf6 Nxf6 14. Qxa8 Qb6 15. a4
b4 16. a5 Qc7 17. Bd2 Bb7 18. Qa7 Nd5 19. Rc1 Qd7 20. Be4 Rc8 21. Rxc8+ Qxc8 22.
Bxd5 exd5 23. Qb6 Nc6 24. Ne5 dxe5 25. dxe5 d4 26. h3 Qd7 27. e6 Qc8 28. Bf4 Bd8
29. Qc5 Qxe6 30. Nd2 Nxa5 31. Qxb4 Qd5 32. Nf3 Qf5 33. Qxd4 Bf6 34. Qb4 Bxf3 35.
gxf3 Nc6 36. Qc4+ Kh8 37. Rxa6 Nd4 38. Ra8+ Kh7 39. Qg8+ Kg6 40. Qe8+ Kh7 41.
Qe4 Qxe4 42. fxe4 Ne2+ 43. Kh2 Nxf4 44. b4 Nd3 45. b5 Nxf2 46. b6 Nxe4 47. b7
Be5+ 48. Kg2 Nc5 49. b8=Q Bxb8 50. Rxb8 Nd7 51. Ra8 Nf6 52. Kf3 Nh5 53. Kg4 Nf6+
54. Kf5 Nd5 55. Ra7 Nf6 56. Ke6 Nh5 57. Kf7 Nf4 58. Ra3 Ng6 59. Rg3 Ne5+ 60. Ke8
Ng6 61. Rg1 Nf4 62. Kf7 g5 63. Rg3 Nh5 64. Ra3 Nf4 65. Rb3 Nh5 66. Rb7 Nf4 67.
Kf6+ Kg8 68. Rb3 Kh7 69. Kf5 Kg7 70. h4 Nd5 71. Rb7+ Kf8 72. Rd7 Ne7+ 73. Ke6
Ng8 74. h5 g4 75. Rf7+ Ke8 76. Rg7 Kf8 77. Rxg4 Ne7 78. Rf4+ Ke8 79. Ra4 Nc8 80.
Ra8 Kd8 81. Kf6 Kd7 82. Rxc8 1-0

[Event "46th Sparkassen Open"]
[Site "Dortmund GER"]
[Date "2018.07.14"]
[Round "1.15"]
[White "Fuhlrott, Tim"]
[Black "Topolewski, Dirk"]
[Result "1/2-1/2"]
[WhiteElo "1958"]
[BlackElo "2192"]
[WhiteFideId "16222431"]
[BlackFideId "4651600"]
[EventDate "2018.07.14"]

1. c4 e5 2. g3 d5 3. cxd5 Qxd5 4. Nf3 Nc6 5. Nc3 Qd6 6. Bg2 Nf6 7. d3 Be7 8. O-O
O-O 9. a3 Nd4 10. Bg5 c6 11. Rc1 Bg4 12. Bxf6 Qxf6 13. Nxd4 exd4 14. Ne4 Qe6 15.
Re1 f5 16. Nc5 Bxc5 17. Rxc5 f4 18. Be4 fxg3 19. hxg3 Qf6 20. f4 h6 21. Qb3+ Rf7
22. Bf3 Be6 23. Qb4 Rd8 24. e4 dxe3 25. Rxe3 Rfd7 26. Rce5 Bf5 27. Be4 Bxe4 28.
Qxe4 Qf7 29. f5 Rd4 30. Qf3 Qf6 31. Re6 Qf7 32. f6 Rxd3 33. Rxd3 Rxd3 34. Qxd3
Qxe6 35. Qd8+ Kf7 36. fxg7 Kxg7 37. Qc7+ Qf7 38. Qe5+ Kg6 39. Qe4+ Qf5 40. Qe8+
Qf7 41. Qe4+ Qf5 42. Qe8+ Kg5 43. Qg8+ Kh5 44. Qg7 Qg5 45. Qxb7 Qxg3+ 46. Kh1
Qf3+ 47. Kh2 Qf2+ 48. Kh3 Qe3+ 49. Kg2 Qe2+ 50. Kg3 Qd3+ 51. Kg2 Qe2+ 52. Kg3
Qe3+ 53. Kg2 Qb6 54. Qf7+ Kg5 55. Qg7+ Kf5 56. b4 Qa6 57. Qd7+ Ke5 58. Qe7+ Kd5
59. Qf7+ Kd4 60. Qf6+ Kd5 1/2-1/2

[Event "46th Sparkassen Open"]
[Site "Dortmund GER"]
[Date "2018.07.14"]
[Round "1.16"]
[White "Heinert, Eugen"]
[Black "Biermann, Florian"]
[Result "1-0"]
[WhiteElo "2200"]
[BlackElo "2004"]
[WhiteFideId "24621390"]
[BlackFideId "12970069"]
[EventDate "2018.07.14"]

1. d4 Nf6 2. Bg5 c5 3. d5 Qb6 4. Nc3 Qxb2 5. Bd2 Qb6 6. e4 d6 7. f4 e6 8. Nf3
exd5 9. e5 dxe5 10. fxe5 Ne4 11. Nxd5 Qd8 12. Bf4 Be6 13. Bc4 Qa5+ 14. Kf1 b5
15. Qe1 Nc3 16. Bb3 c4 17. Qxc3 Qxc3 18. Nxc3 cxb3 19. axb3 b4 20. Nb5 Kd7 21.
Ke2 Nc6 22. Rhd1+ Kc8 23. h3 Bc5 24. Nd6+ Bxd6 25. Rxd6 Kb7 26. Ng5 Rhe8 27.
Rad1 Bf5 28. R1d5 f6 29. Rb5+ Kc7 30. Rc5 Bd7 31. e6 Kb6 32. Be3 1-0

[Event "46th Sparkassen Open"]
[Site "Dortmund GER"]
[Date "2018.07.14"]
[Round "1.17"]
[White "Alghawi, Abdullah"]
[Black "Steinle, Carsten"]
[Result "0-1"]
[WhiteElo "1916"]
[BlackElo "2159"]
[WhiteFideId "16259254"]
[BlackFideId "24676462"]
[EventDate "2018.07.14"]

1. e4 e6 2. d3 d5 3. Nd2 Nf6 4. Ngf3 b6 5. g3 dxe4 6. dxe4 Bc5 7. Bg2 Ba6 8. c4
Qd3 9. Qb3 Qxb3 10. axb3 Bb7 11. Ne5 Bb4 12. f3 Nbd7 13. Nd3 O-O-O 14. Ke2 Be7
15. e5 0-1

[Event "46th Sparkassen Open"]
[Site "Dortmund GER"]
[Date "2018.07.14"]
[Round "1.18"]
[White "Baerwolf, Steven"]
[Black "Wilde, Justin"]
[Result "1-0"]
[WhiteElo "2172"]
[BlackElo "1930"]
[WhiteFideId "24658634"]
[BlackFideId "16236033"]
[EventDate "2018.07.14"]

1. b3 d5 2. Bb2 Nf6 3. e3 g6 4. Nf3 Bg7 5. d4 c5 6. Bd3 O-O 7. O-O cxd4 8. exd4
Nc6 9. a3 Nh5 10. Ne5 Nf4 11. Bb5 Nxe5 12. dxe5 a6 13. Bd3 h5 14. h3 Be6 15. Re1
Nxd3 16. cxd3 Qd7 17. Nd2 Rac8 18. Nf3 Rc7 19. Nd4 Rfc8 20. Qd2 Kh7 21. f3 Bh6
22. Qf2 Bf5 23. Rad1 g5 24. g4 Bg6 25. e6 fxe6 26. Rxe6 Rc2 27. Qe3 Rxb2 28.
Rxe7+ Qxe7 29. Qxe7+ Bg7 30. Ne6 Rg8 31. Rc1 Re2 32. Nxg5+ Kh8 33. Qxe2 1-0

[Event "46th Sparkassen Open"]
[Site "Dortmund GER"]
[Date "2018.07.14"]
[Round "1.19"]
[White "Oltmanns, Jan"]
[Black "Savchenko, Daniel"]
[Result "0-1"]
[WhiteElo "1959"]
[BlackElo "2165"]
[WhiteFideId "16251318"]
[BlackFideId "12919195"]
[EventDate "2018.07.14"]

1. e4 c5 2. Nc3 e6 3. g3 a6 4. a4 Nc6 5. Bg2 Nf6 6. Nge2 d5 7. exd5 Nxd5 8. Nxd5
exd5 9. d4 Be6 10. O-O Qf6 11. Nf4 Qxd4 12. Nxd5 Bd6 13. Be3 Qxd1 14. Raxd1
O-O-O 15. c3 Kb8 16. b4 cxb4 17. Nxb4 Nxb4 18. cxb4 Bxb4 19. Rb1 a5 20. Bc5 Ba2
21. Rb2 Rd2 22. Rxd2 Bxd2 23. Rd1 Bb4 24. Rd7 Kc8 25. Rxb7 Rd8 26. Bf3 Bxc5 27.
Rb2 Bd5 0-1

[Event "46th Sparkassen Open"]
[Site "Dortmund GER"]
[Date "2018.07.14"]
[Round "1.21"]
[White "Kracht, Raphael"]
[Black "Kueppers, Timo"]
[Result "0-1"]
[WhiteElo "1900"]
[BlackElo "2178"]
[WhiteFideId "16214382"]
[BlackFideId "16205820"]
[EventDate "2018.07.14"]

1. e4 c5 2. d4 cxd4 3. c3 dxc3 4. Nxc3 Nc6 5. Nf3 e6 6. Bc4 a6 7. O-O b5 8. Bb3
Nge7 9. Bg5 f6 10. Be3 Ng6 11. Nd5 Rb8 12. Rc1 exd5 13. exd5 Nce5 14. Nxe5 fxe5
15. f4 Bd6 16. f5 Nf4 17. g3 Qg5 18. Kh1 Qxf5 19. gxf4 O-O 20. Bc2 Qf7 21. Qd3
Qh5 22. fxe5 Rxf1+ 23. Rxf1 Bxe5 24. Bg1 d6 25. Bd1 Bg4 26. Bxg4 Qxg4 27. b3 Rc8
28. Qf3 Qxf3+ 29. Rxf3 Rc1 30. Rd3 b4 31. Kg2 Rc2+ 32. Kf3 Bxh2 33. Bd4 h5 34.
Ke4 Re2+ 35. Kf5 Kh7 36. Kg5 Be5 37. Kxh5 Bxd4 38. Rxd4 a5 39. Kg5 Rxa2 40. Kf5
Re2 41. Rh4+ Kg8 42. Rc4 Kf7 0-1

[Event "46th Sparkassen Open"]
[Site "Dortmund GER"]
[Date "2018.07.14"]
[Round "1.22"]
[White "Irkilmez, Yakub"]
[Black "Elier, Ali"]
[Result "1/2-1/2"]
[WhiteElo "2126"]
[BlackElo "1888"]
[WhiteFideId "16204581"]
[BlackFideId "16217543"]
[EventDate "2018.07.14"]

1. d4 g6 2. e4 Bg7 3. Nc3 d6 4. Be3 Nf6 5. f3 O-O 6. Qd2 e5 7. Bc4 Nc6 8. Nge2
Nd7 9. d5 Ne7 10. g4 f5 11. gxf5 Nxf5 12. exf5 Qh4+ 13. Ng3 Qxc4 14. fxg6 Rxf3
15. O-O-O Nf6 16. gxh7+ Kxh7 17. Kb1 Bh3 18. Rhg1 Ng4 19. Nge4 Rxe3 20. Rxg4
Bxg4 21. Qxe3 Bxd1 22. Qh3+ Kg8 23. Qe6+ Kh8 24. Qh3+ Kg8 25. Qe6+ Kh8 26. Qh3+
Kg8 27. b3 Qd4 28. Qe6+ Kh8 29. Qh3+ Kg8 30. Qe6+ Kh8 31. Qh3+ Kg8 32. Qe6+ Kh8
33. Qh3+ Kg8 34. Qe6+ Kh8 35. Qh3+ Kg8 36. Qe6+ Kh8 37. Qh3+ Kg8 38. Qe6+ 1/2-1/2

[Event "46th Sparkassen Open"]
[Site "Dortmund GER"]
[Date "2018.07.14"]
[Round "1.23"]
[White "Boecker, Juergen"]
[Black "Rendboe, John Filip"]
[Result "0-1"]
[BlackTitle "FM"]
[WhiteElo "1877"]
[BlackElo "2109"]
[WhiteFideId "12915904"]
[BlackFideId "1403664"]
[EventDate "2018.07.14"]

1. e4 c5 2. Nc3 Nc6 3. f4 g6 4. Nf3 Bg7 5. Bb5 Nd4 6. a4 Nxb5 7. axb5 d6 8. O-O
e6 9. Qe2 Ne7 10. Nd1 O-O 11. c4 a6 12. Nc3 d5 13. d3 d4 14. Nd1 Bd7 15. bxa6
Rxa6 16. Rxa6 bxa6 17. Ne5 Bc8 18. Bd2 Qd6 19. Nf3 Nc6 20. Nf2 e5 21. fxe5 Nxe5
22. Bf4 f6 23. Rb1 Bd7 24. b3 Rb8 25. Nd2 h5 26. Nf3 a5 27. Nxe5 fxe5 28. Bc1 a4
29. Qc2 Qb6 30. Qb2 Qxb3 31. Nd1 Qxd1+ 0-1

[Event "46th Sparkassen Open"]
[Site "Dortmund GER"]
[Date "2018.07.14"]
[Round "1.24"]
[White "Melde, Benjamin"]
[Black "Seref, Serkan"]
[Result "1-0"]
[WhiteElo "2108"]
[BlackElo "1871"]
[WhiteFideId "12958816"]
[BlackFideId "16205561"]
[EventDate "2018.07.14"]

1. c4 e5 2. g3 Nc6 3. Nc3 g6 4. Bg2 Bg7 5. e4 d6 6. Nge2 f5 7. exf5 Bxf5 8. d3
Nge7 9. O-O O-O 10. Bg5 Qc8 11. Rc1 Be6 12. Nd5 Re8 13. Nec3 h6 14. Bxe7 Nxe7
15. Nb5 Bxd5 16. cxd5 Rb8 1-0

[Event "46th Sparkassen Open"]
[Site "Dortmund GER"]
[Date "2018.07.14"]
[Round "1.25"]
[White "Nalbandyan, Vahan"]
[Black "Hoppe, Thilo"]
[Result "1-0"]
[WhiteElo "1848"]
[BlackElo "2107"]
[WhiteFideId "13309439"]
[BlackFideId "16219627"]
[EventDate "2018.07.14"]

1. e4 c5 2. Nc3 d6 3. Nf3 Nf6 4. g3 Nc6 5. Bg2 g6 6. O-O Bg7 7. d3 O-O 8. h3 Nd4
9. Be3 e5 10. Ne1 Nh5 11. Nd5 Be6 12. c3 Nc6 13. g4 Nf6 14. f4 Bxd5 15. exd5 Ne7
16. fxe5 Nfxd5 17. Bg5 Nc7 18. exd6 Qxd6 19. Bf4 Be5 20. Qd2 Ne6 21. Bxe5 Qxe5
22. Bxb7 Rab8 23. Bg2 Nd5 24. Bxd5 Qxd5 25. b3 Rfd8 26. Rd1 Qe5 27. Ng2 Ng5 28.
Nf4 Rd7 29. Rde1 Qd6 30. h4 Ne6 31. Nxe6 fxe6 32. Rf3 Rf7 33. Ref1 Rxf3 34. Rxf3
Rd8 35. Qg5 Rf8 36. Rxf8+ Qxf8 37. Qe5 Qe7 38. g5 Qd7 39. Qe4 Kf7 40. Kg2 a6 41.
h5 Qe7 42. Qf4+ Ke8 43. h6 e5 44. Qe3 Kd7 45. Kf2 Kc6 46. Ke2 Qe6 47. Qf2 Kb6
48. Qf6 1-0

[Event "46th Sparkassen Open"]
[Site "Dortmund GER"]
[Date "2018.07.14"]
[Round "1.26"]
[White "Naidich, Vasily"]
[Black "Homfeldt, Christopher"]
[Result "1-0"]
[WhiteElo "2088"]
[BlackElo "1818"]
[WhiteFideId "13901281"]
[BlackFideId "16220293"]
[EventDate "2018.07.14"]

1. d4 Nf6 2. c4 e6 3. Nc3 c5 4. d5 exd5 5. cxd5 d6 6. e4 g6 7. Bd3 Bg7 8. h3 a6
9. a4 Nbd7 10. Nf3 O-O 11. Bf4 Qc7 12. O-O Re8 13. Re1 Nh5 14. Bh2 Ne5 15. Be2
Nxf3+ 16. Bxf3 Nf6 17. e5 dxe5 18. d6 Qd8 19. Bxe5 Nh5 20. Bh2 Rxe1+ 21. Qxe1
Be6 22. Qd2 Qd7 23. Nd5 Bxd5 24. Qxd5 Re8 25. g4 Bxb2 26. Rb1 Qxa4 27. gxh5 Rd8
28. hxg6 hxg6 29. Qg5 1-0